[Event "Cearense-ch 67th"]
[Site "Fortaleza"]
[Date "1998.??.??"]
[Round "7"]
[White "Francimar de Oliveira, Vicente"]
[Black "Arruda, Alexandre"]
[Result "0-1"]
[WhiteElo "1712"]
[BlackElo "1707"]
[PlyCount "44"]
[EventDate "1998.??.??"]
[EventType "swiss"]
[EventRounds "7"]
[EventCountry "BRA"]
[SourceTitle "EXT 2003"]
[Source "ChessBase"]
[SourceDate "2002.11.25"]
[SourceVersion "1"]
[SourceVersionDate "2002.11.25"]
[SourceQuality "1"]

1. e4 e6 2. d4 d5 3. Nc3 Nf6 4. e5 Nfd7 5. f4 c5 6. Nf3 Nc6 7. Be3 a6 8. Be2 b5 9. a4 b4 10. Nb1 Qb6 11. b3 cxd4 12. Bxd4 Nxd4 13. Nxd4 Bc5 14. Nf3 Bf2+ 15. Kf1 0-0 16. Ng5 f6 17. Nxe6 Qxe6 18. Kxf2 fxe5 19. Bg4 Rxf4+ 20. Kg3 Qd6 21. c4 Nf6 22. Bxc8 Ne4+ 0-1